Apología del cristianismo desde el punto de vista de las costumbres y de la civilización / (Record no. 134745)

MARC details
000 -LEADER
campo de control de longitud fija 01501nam a2200253 i 4500
001 - NÚMERO DE CONTROL
campo de control 134745
003 - IDENTIFICADOR DE NÚMERO DE CONTROL
campo de control ES-MaACL
005 - FECHA Y HORA DE LA ÚLTIMA TRANSACCIÓN
campo de control 20251012175129.0
007 - CAMPO FIJO DE DESCRIPCIÓN FÍSICA--INFORMACIÓN GENERAL
campo de control de longitud fija t|
008 - DATOS DE LONGITUD FIJA--INFORMACIÓN GENERAL
campo de control de longitud fija 070913m19051906sp ||||1| spa d
100 1# - ENTRADA PRINCIPAL--NOMBRE DE PERSONA
Nombre de persona Weis, Albert Maria.
9 (RLIN) 116380
245 10 - MENCIÓN DEL TÍTULO
Título Apología del cristianismo desde el punto de vista de las costumbres y de la civilización /
Mención de responsabilidad, etc. Alberto Maria Weis ; obra escrita en alemán y traducida por Dionisio Fierro Gasca.
260 ## - PUBLICACIÓN, DISTRIBUCIÓN, ETC.
Lugar de publicación, distribución, etc. Barcelona :
Nombre del editor, distribuidor, etc. Gili,
Fecha de publicación, distribución, etc. 1905-1906.
300 ## - DESCRIPCIÓN FÍSICA
Extensión 10 v. ;
Dimensiones 24 cm.
500 ## - NOTA GENERAL
Nota general Falta el vol. VII.
505 8# - NOTA DE CONTENIDO CON FORMATO
Nota de contenido con formato Contiene: I-II: El hombre completo III-IV: Humanidad y humanismo / traducido por Eugenio González Mir V-VI: Naturaleza y sobrenaturaleza, espíritu y vida del Cristianismo / traducción de la última edición alemana por el Dr. D. Norberto Font y Sagué VII-VIII: La cuestión social y el orden social. Manual de Sociología / traducción de la última edición alemana, por el Dr. D. Modesto Hernández Villaescusa IX-X: Filosofía de la Perfección. Doctrina de la más elevada empresa moral del hombre / traducción de la última edición alemana, por el Dr. D. Emilio A. Villelga Rodríguez
700 1# - ENTRADA AGREGADA--NOMBRE PERSONAL
Nombre de persona Fierro Gasca, Dionisio.
9 (RLIN) 50716
700 1# - ENTRADA AGREGADA--NOMBRE PERSONAL
Nombre de persona González Mir, Eugenio.
9 (RLIN) 58813
700 1# - ENTRADA AGREGADA--NOMBRE PERSONAL
Nombre de persona Font y Sagué, Norbert,
Fechas asociadas al nombre 1874-1910
9 (RLIN) 51575
700 1# - ENTRADA AGREGADA--NOMBRE PERSONAL
Nombre de persona Hernández Villaescusa, Modesto.
9 (RLIN) 63074
700 1# - ENTRADA AGREGADA--NOMBRE PERSONAL
Nombre de persona Villelga Rodríguez, Emilio.
9 (RLIN) 115232
852 ## - LOCALIZACIÓN
Ubicación ES-MaACL
Número de control de estantería A-4801-10
Sublocalización o colección R.16762
Holdings
Estatus retirado Estado de pérdida Estado de daño No para préstamo Biblioteca de origen Biblioteca actual Ubicación en estantería Fecha de adquisición Fuente de adquisición Total de préstamos Signatura topográfica completa Código de barras Visto por última vez Precio de reemplazo Tipo de ítem Koha
        Biblioteca del Ateneo de Madrid Biblioteca del Ateneo de Madrid Sala Pecera Planta 1 17/01/2008     A-4801-10 1140253 23/02/2023 23/02/2023 Libro impreso